logo

Bir Sreshtho Munshi Abdur Rouf Library
Jhenaidah Cadet College

Rand McNally images of the world : (Record no. 10033)

MARC details
000 -LEADER
fixed length control field 00982cem a2200301 4500
001 - CONTROL NUMBER
JCCL Control Number 10033
003 - CONTROL NUMBER IDENTIFIER
JCCL marc code BD-JhCC
005 - DATE AND TIME OF LATEST TRANSACTION
control field 20180404182731.0
008 - FIXED-LENGTH DATA ELEMENTS--GENERAL INFORMATION
fixed length control field 180404s1983 ilu e eng
020 ## - INTERNATIONAL STANDARD BOOK NUMBER
International Standard Book Number 0528630024
034 0# - CODED CARTOGRAPHIC MATHEMATICAL DATA
Category of scale a
035 ## - SYSTEM CONTROL NUMBER
system control number (BD-JhCC)10033
040 ## - CATALOGING SOURCE
Original cataloging agency DLC
Transcribing agency DLC
Modifying agency DLC
-- OCoLC
-- DLC
-- BD-JhCC
041 ## - LANGUAGE CODE
Language code of Book eng
050 00 - LIBRARY OF CONGRESS CALL NUMBER
Classification number G1046.A4
Item number R3 1983
082 00 - DEWEY DECIMAL CLASSIFICATION NUMBER
Classification number 912
DDC Edition number 19
Author mark and Year RAN 1983
245 00 - TITLE STATEMENT
Title Rand McNally images of the world :
Remainder of title an atlas of satellite imagery and maps /
255 ## - CARTOGRAPHIC MATHEMATICAL DATA
Statement of scale Scales differ.
260 ## - PUBLICATION, DISTRIBUTION, ETC. (IMPRINT)
Place of publication, distribution, etc Chicago :
Name of publisher, distributor, etc Rand McNally,
Date of publication, distribution, etc c1983.
300 ## - PHYSICAL DESCRIPTION
Pagination 1 atlas (160 p.) :
Other physical details col. ill., col. maps ;
Dimensions 31 cm.
500 ## - GENERAL NOTE
General note Originally published as part of a 2 v. work: Diercke Weltraumbild-Atlas. Braunschweig : Westermann, 1981-1982.
650 #0 - SUBJECT ADDED ENTRY--TOPICAL TERM
Topical term or geographic name as entry element Physical geography
Form subdivision Maps.
650 #0 - SUBJECT ADDED ENTRY--TOPICAL TERM
Topical term or geographic name as entry element Phytogeography
Form subdivision Maps.
651 #0 - SUBJECT ADDED ENTRY--GEOGRAPHIC NAME
Geographic name Earth (Planet)
Form subdivision Photographs from space.
710 2# - ADDED ENTRY--CORPORATE NAME
Corporate name or jurisdiction name as entry element Rand McNally and Company.
942 ## - ADDED ENTRY ELEMENTS (KOHA)
Source of classification or shelving scheme Dewey Decimal Classification
Koha item type Reference
Holdings
Source of classification or shelving scheme Damaged status Not for loan Home library Current library Shelving location Date of accession Total Checkouts Full call number Barcode Date last seen Copy number Koha item type
Dewey Decimal Classification     JCC Rouf Library JCC Rouf Library General Stacks 04/04/2018   912 RAN 1983 13304 04/04/2018 C-1 Reference

JCC Library | Contacts | JCC Home

Last Update on 23 September 2017
Copyright @ 2017-2020 JCC Rouf Library
Rouf Library, Jhenidah Cadet College (JCC), Bangladesh